000 00446ntaaa2200181 4500
003 01
005 20251027202743.0
008 0714s1973 ag 01
040 _aAR-BaBN
_bspa
_cAR-BaBN
_eaacr
_dRIC
082 _a790.0000 C15r
100 _aCampbell, Viola Dee
_927574
245 _aRecreación cristiana
250 _a1 ed.
260 _aEl Paso :
_bCasa Bautista de Publicaciones,
_c1980
300 _a159 p
650 _ajuegos
942 _cBK
999 _c22777
_d22777